000 00483nam a22001337a 4500
999 _c14698
_d14698
008 191022b ||||| |||| 00| 0 eng d
022 _a03080587
082 _aDPer 420.5 M72 Apr-Oct 2011 v. 20, n. 2-4
100 _940539
_aMcDonough, Jo.
245 _aA Book I've Used:
_bCommunicative Activities for EAP/
_cJo McDonough.
260 _aChichester, West Sussex:
_bPavilion Publishing,
_cApr-Oct 2011.
300 _av20, n4 pages 78-79:
_bcolor illustrations;
_c30 cm.
942 _2ddc
_cPER